Statistics for Countries by Borders in 30 Seconds

Click here to take the quiz!

General Stats

  • This quiz has been taken 40 times
  • The average score is 89 of 157

Answers on the Map

Answers color-coded by a green-red scale on the quiz's map according to % correct below.
 

Answer Stats

Country% Correct
Argentina
96%
Bolivia
96%
Brazil
96%
China
96%
France
96%
Kazakhstan
96%
Mongolia
96%
North Korea
96%
Paraguay
96%
Russia
96%
Suriname
96%
Uruguay
96%
Azerbaijan
92%
Bhutan
92%
Colombia
92%
Guyana
92%
India
92%
Myanmar
92%
Nepal
92%
Pakistan
92%
Peru
92%
Poland
92%
Ukraine
92%
Venezuela
92%
Belarus
88%
Estonia
88%
Finland
88%
Latvia
88%
Lithuania
88%
Mexico
88%
Norway
88%
United States
88%
Afghanistan
84%
Belgium
84%
Canada
84%
Central African
Republic
84%
Czech Republic
84%
Georgia
84%
Germany
84%
Luxembourg
84%
Netherlands
84%
Switzerland
84%
Angola
80%
Austria
80%
Burundi
80%
D. R. Congo
80%
Laos
80%
Libya
80%
Rep. of the Congo
80%
Rwanda
80%
South Sudan
80%
Tanzania
80%
Uganda
80%
Vietnam
80%
Zambia
80%
Denmark
76%
Kyrgyzstan
76%
Niger
76%
Tajikistan
76%
Algeria
72%
Cameroon
72%
Iraq
72%
Armenia
68%
Bangladesh
68%
Chad
68%
Iran
68%
Mali
68%
Saudi Arabia
68%
Sri Lanka
68%
Turkey
68%
Gabon
64%
Jordan
64%
Kuwait
64%
Morocco
64%
Oman
64%
Spain
64%
Sudan
64%
Italy
60%
Nigeria
60%
Qatar
60%
Turkmenistan
60%
United Arab Emirates
60%
Yemen
60%
Andorra
56%
Mauritania
56%
Slovenia
52%
United Kingdom
52%
Botswana
48%
Bulgaria
48%
Mozambique
48%
Namibia
48%
Zimbabwe
48%
Burkina Faso
44%
Egypt
44%
Eswatini
44%
Hungary
44%
Lesotho
44%
Portugal
44%
Romania
44%
San Marino
44%
Serbia
44%
South Africa
44%
Vatican City
44%
Bosnia and
Herzegovina
40%
Croatia
40%
Montenegro
40%
North Macedonia
40%
Tunisia
40%
Benin
36%
Chile
36%
East Timor
36%
Ecuador
36%
Indonesia
36%
Ireland
36%
Kosovo
36%
Malaysia
36%
Papua New Guinea
36%
Sweden
36%
Costa Rica
32%
Monaco
32%
Syria
32%
Cambodia
28%
Ethiopia
28%
Greece
28%
Guatemala
28%
Honduras
28%
Panama
28%
Belize
24%
Dominican Republic
24%
Eritrea
24%
Haiti
24%
Israel
24%
Ivory Coast
24%
Moldova
24%
Nicaragua
24%
Slovakia
24%
Senegal
20%
Thailand
20%
El Salvador
16%
Guinea
16%
Kenya
16%
Somalia
16%
Albania
12%
Djibouti
12%
Ghana
12%
Togo
12%
Brunei
8%
Liechtenstein
8%
Malawi
8%
Uzbekistan
8%
Equatorial Guinea
4%
Gambia
4%
Guinea-Bissau
4%
South Korea
4%
Lebanon
0%
Liberia
0%
Sierra Leone
0%

Score Distribution

Percentile by Number Answered

Percent of People with Each Score

Your Score History

You have not taken this quiz